000
00455nam a2200145Ia 4500
008
100122s9999 xx 000 0 und d
082
_b
33287
_a
796.14
100
_a
दाभोळकर नरेद्र अच्युत
245
_a
कबड्डी
260
_b
म.रा.साहित्य संस्कृती मंडळ
_c
1980
300
_a
160
630
_a
कबड्डी
730
_a
कबड्डी
942
_c
BOOK
999
_c
417400
_d
417397